000 00690nam a22001817a 4500
005 20240822142846.0
008 240813b |||||||| |||| 00| 0 eng d
020 _a8170173191
041 _aEnglish
082 _a746.44
_bGUP
100 _aGupta Charu Smita
_9208257
245 _aZardozi : Glittering Gold of Embroidery
260 _aNew Delhi
_bAbhinav Publications
_c1996
300 _a244
520 _a• Introduction • Historical Development of the Craft • Design & Motifs: Forms on Fabric • Technical Exposition: Design Ensemble • Zardoz: A Social Retrospect in Shahajahanabad • Karkhana: Production Synthesis
650 _aEmbroidery
_9119869
942 _cDB
999 _c359491
_d359491